000 00401nam a2200157Ia 4500
008 230524s9999 xx 000 0 und d
082 _a515.625
_bMUR
100 _aDaniel A.Murray
245 0 _aIntroductory Course in Differential equations
250 _a1ST
260 _aCALCUTTA
_bRadha Pub.
_c2004
300 _aXVI;133
500 _aQuantity Number: 2
650 _aMathematics
942 _cBK
999 _c32984
_d32984